000 00429nam a2200181Ia 4500
001 20256
005 20260306172753.0
008 260306t1995||||xx |||||||||||||| ||spa||
041 _aESP
082 _a343.08
_bA61
100 _aAngulo Paulet, Enrique
_eAUT
245 0 _aDelitos contra el orden económico
260 _c1995
300 _a114 páginas :
_c
650 _aGEN
654 _aCDE
942 _cLIB
_dJUS
_fJUS
_2ddc
_n
999 _c20256
_d20256